000
00301nam a22001337a 4500
008
180124b xxu||||| |||| 00| 0 eng d
020
_a
9780323036443
041
_a
eng
080
_a
611
100
_a
6
101
_a
ANA
245
_a
The human body in health& disease
_c
Swisher,L
942
_2
udc
_c
BK
999
_c
40814
_d
40814